| 000 | 00897nac a22002777a 4500 | ||
|---|---|---|---|
| 001 | BR8800379 | ||
| 003 | BR-BrBNA | ||
| 005 | 20240105120700.0 | ||
| 008 | 230509b bl.|||m| |||| 00| 0 por d | ||
| 040 |
_aBR-BrBNA _bpor _cBiblioteca Nacional de Agricultura |
||
| 072 | _aE15 | ||
| 090 | _aE15 BR8800379 | ||
| 110 | 1 |
_aFundacao Centro Estadual de Planejamento Agricola, Salvador, BA (Brasil) _94810 |
|
| 245 | 1 | _aEstatistica da Agropecuaria [Bahia, Brasil] | |
| 260 | 3 |
_aSalvador, BA (Brasil): _c1986. |
|
| 300 | _a156 p. | ||
| 490 |
_aEstatisticas da Agropecuaria - Fundacao Centro Estadual de Planejamento Agricola (Brazil) _vno. 4 _x |
||
| 500 | _aNumerical data | ||
| 650 | _aESTATISTICA AGRICOLA | ||
| 650 | _aESTATISTICA DE PRODUCAO | ||
| 650 | _aPECUARIA | ||
| 650 | _aREBANHO | ||
| 650 | _aBAHIA | ||
| 909 |
_a202312 _bLúcia Elande _c55 _dLúcia Elande |
||
| 942 |
_2AGRIS _n0 _cMS |
||
| 999 |
_c280868 _d280868 |
||